El kambio de komposizion ke esperimenta el agua de El Salto durante el imbierno: Nota embiada a la Soziedad Zientífika de Balparaíso
محفوظ في:
| المؤلف الرئيسي: | |
|---|---|
| التنسيق: | كتاب |
| اللغة: | الإسبانية |
| منشور في: |
Santiago
Imprenta i enkuadernazion Rroma
1896
|
| الطبعة: | 1a. ed |
| الموضوعات: | |
| الوسوم: |
إضافة وسم
لا توجد وسوم, كن أول من يضع وسما على هذه التسجيلة!
|
MARC
| LEADER | 00000nam a2200000 a 4500 | ||
|---|---|---|---|
| 001 | UCJ4096 | ||
| 003 | CL-VaPUC | ||
| 008 | 070124e18960000CL |||||||||||||||||spa|d | ||
| 082 | 0 | 4 | |a 090 |b NEW |2 21 |
| 100 | |a Newman, Karlos |e autor |9 508584 | ||
| 245 | 1 | 3 | |a El kambio de komposizion ke esperimenta el agua de El Salto durante el imbierno: Nota embiada a la Soziedad Zientífika de Balparaíso |
| 250 | |a 1a. ed | ||
| 300 | |a 14 p | ||
| 942 | |c BK | ||
| 945 | |d 20070124 00:00:00 |a rinostro | ||
| 260 | |a Santiago |b Imprenta i enkuadernazion Rroma |c 1896 | ||
| 500 | |a Libro raro por el hecho de estar escrito de acuerdo con las normas ortográficas prescritas por los autodenominados Neógrafos, quienes, a fines del siglo 19 y comienzos del 20, propiciaban el uso de lo que denominaron Ortografía Racional; sus intentos por imponerla no prosperaron y ésta quedó como una curiosidad ortográfica | ||
| 650 | 0 | |a Agua potable |9 260375 | |
| 650 | 7 | |a ORTOGRAFIA RACIONAL |2 CL-VaPUC |9 342450 | |
| 650 | 7 | |a NEOGRAFOS |2 CL-VaPUC |9 342451 | |
| 650 | 0 | |a Lenguaje y lenguas |9 265846 | |
| 650 | 7 | |a LIBRO RARO |2 CL-VaPUC |9 504169 | |
| 650 | 0 | |a Análisis químico |9 344456 | |
| 651 | 7 | |a EL SALTO |2 CL-VaPUC |9 507009 | |
| 583 | |a last modification |c 20070124 00:00:00 |k Rodrigo Vera | ||
| 999 | |c 320213 |d 320211 | ||
| 952 | |0 0 |1 0 |4 0 |6 090_000000000000000_NEW_1896 |7 0 |8 X |9 398690 |a FDOBUD |b FDOBUD |d 2019-11-22 |i 1013408 |o 090 NEW 1896 |p 1013408 |r 2019-11-22 |w 2019-11-22 |y BK_X |k BUD | ||
| 952 | |0 0 |1 0 |4 0 |6 090_000000000000000_NEW_1896 |7 0 |8 X |9 398691 |a FDOBUD |b FDOBUD |d 2019-11-22 |i 1013416 |o 090 NEW 1896 |p 1013416 |r 2019-11-22 |w 2019-11-22 |y BK_X |k BUD | ||